Interrogantes, Alternativas y Desafo̕s en clave de Derecho penal y Criminologa̕

Bibliographic Details
Main Author: Medina, Cuenca Arnel
Format: eBook
Language:Spanish
Published: Ciudad de La Habana: Unin̤ Nacional de Juristas de Cuba, 2017
Subjects:
Online Access:Acceso restringido

MARC

LEADER 00000nam a22000007a 4500
005 20171122154140.0
007 cr|||| ||||
008 171122s2017 cu |||||s|||| 00||0 spa d
020 |a 978-959-7219-44-6 
035 |a 20851 
040 |a vLex 
090 |c 7224  |d 7224 
100 1 |a Medina, Cuenca Arnel 
245 1 0 |a Interrogantes, Alternativas y Desafo̕s en clave de Derecho penal y Criminologa̕  |h [Disponible solo en los productos indicados] /  |c Arnel Medina Cuenca  
256 |a Servicio en ln̕ea 
260 |a Ciudad de La Habana:  |b Unin̤ Nacional de Juristas de Cuba,  |c 2017 
300 |a 1 recurso electrn̤ico 
500 |a La Editorial UNIJURIS de la Unin̤ Nacional de Juristas de Cuba, les presenta el libro: “Interrogantes, Alternativas y Desafo̕s en clave de Derecho penal y Criminologa̕. Libro Homenaje al Prof. Dr. Miguel Olmedo Cardenete”, publicado con el nm︢ero 10 de la Serie Ciencias Penales y Criminolg̤icas. Siguiendo una tradicin̤ iniciada en el aǫ 2015, la Sociedad cubana de Ciencias Penales, presenta un Libro Homenaje al profesor que ha sido objeto de reconocimiento por su obra acadm̌ica y la colaboracin̤ con los penalistas cubanos, en el aǫ precedente. Se trata del cuarto libro, que ser ̀presentado en la semana del 10 al 14 de julio de 2017, en la decimotercera edicin̤ de la “Escuela de Verano de La Habana, sobre Temas Penales Contemporǹeos”. La obra que ponemos a disposicin̤ de los lectores se integra a los props̤itos de los que en el marco de la Escuela de Verano de La Habana sobre Temas penales contemporǹeos, aspiramos a diseąr, desde la doctrina, una justicia que como el mundo siempre es posible que sea mejor, al compartir junto a ustedes puntos de vistas y perspectivas, valoraciones criminolg̤icas y sociales que de manera significativa impactan en el Derecho penal y que requieren de un pensamiento inteligente y creador que logre junto a la necesaria estabilidad y seguridad ciudadana, continuar manteniendo el Derecho penal en lm̕ites razonables alejado de los dogmas y de los esnobismos. 
506 1 |a Disponible solo en los productos indicados  |d vLex Global  |d vLex Global (Academic Edition, excluding Law Schools)  |d vLex Global (U.S. Academic Edition, Law Schools)  |d vLex Global (U.S. Academic Edition, excluding Law Schools)  |d vLex Global (Academic Edition, Law Schools) 
650 0 4 |a Derecho penal  |z Cuba 
740 0 |a vLex Libros (Servicio en ln̕ea) 
856 4 0 |u http://vlex.com/source/interrogantes-alternativas-y-desafios-en-clave-de-derecho-penal-y-criminologia-20851  |z Acceso restringido 
942 |c BOOK 
999 0 |a Criminal law